| 000 | 00616nam a22002057a 4500 | ||
|---|---|---|---|
| 003 | OSt | ||
| 005 | 20230516171024.0 | ||
| 008 | 230516b |||||||| |||| 00| 0 eng d | ||
| 020 | _a9789390021970 | ||
| 082 |
_222 _a153.94 _bK96S |
||
| 100 | _aKumar, Arun | ||
| 245 |
_aScanner NTA UGC NET/SET/JRF General paper 1 : teaching and research aptitude _cby Arun Kumar |
||
| 260 |
_aPrayagraj _bShuchita Prakashan _c2023 |
||
| 300 |
_axii, 228p. _bPaperback |
||
| 653 | _aGeneral Reference | ||
| 653 | _aCompetitive examinations | ||
| 653 | _aTeaching and research aptitude | ||
| 700 | _aKumar, Arun | ||
| 942 |
_2ddc _cBK |
||
| 999 |
_c26151 _d26151 |
||